• 首页
  • 本馆介绍
  • 公告通知
  • 最新文献
  • 馆藏检索
  • 电子资源
  • 读者荐购
  • 参考咨询
  • CALIS
  • 我的图书馆
  • 登录
  • 详细信息显示
  • 放入我的书架
  • 预约/预借图书
  • 作者相关作品
  • 分类相关作品
  • 丛书相关作品
  • 出版社相关作品

书目信息

  • 表格格式
  • 工作单格式
  • 卡片格式
题名:
高等数学
    
 
作者: 许洪范 主编
分册: 上册  
出版信息: 北京   国防工业出版社  2005.08
页数: 201页
开本: 26cm
丛书名:
单 册:
中图分类: O13
科图分类:
主题词: 高等数学--gao deng shu xue--高等学校--教材
电子资源:
ISBN: 7-118-03996-9
 
 
 
 
 
000 00794nam0 2200229 450
001 012006497536
005 20060919105459.43
010    @a7-118-03996-9@dCNY18.00
100    @a20060618d2005 km y0chiy0120 ea
101 0  @achi
102    @aCN@b110000
105    @ay z 000yy
200 1  @a高等数学@Agao deng shu xue@h上册@f许洪范主编@Fxu hong fan zhu bian
210    @a北京@c国防工业出版社@d2005.08
215    @a201页@d26cm
300    @a普通高等学校规划教材
330    @a本书内容包括函数极限、一元函数和多元函数微积分、微分方程、空间解析几何、级数和MATLAB在微积分中的应用。书中概念和定理有几何解释与物理原型。
606 0  @a高等数学@Agao deng shu xue@x高等学校@j教材
690    @aO13@v4
701  0 @a许洪范@Axu hong fan@4主编
801  0 @aCN@bQSSK@c20060919
905    @a10447@dO13@eX861:1
    
    高等数学.上册/许洪范主编.-北京:国防工业出版社,2005.08
    201页;26cm
    普通高等学校规划教材
    
    ISBN 7-118-03996-9:CNY18.00
    本书内容包括函数极限、一元函数和多元函数微积分、微分方程、空间解析几何、级数和MATLAB在微积分中的应用。书中概念和定理有几何解释与物理原型。
●
相关链接 在E读中查询图书 在当当中查询图书 在豆瓣中查询图书


正题名:高等数学     索取号:O13/X861:1         预约/预借

序号 登录号 条形码 馆藏地/架位号 状态 备注
1 581228   205812281   自科库401/401自科库 107排7列5层/ [索取号:O13/X861:1] 在馆    
2 581229   205812290   自科库401/401自科库 107排7列5层/ [索取号:O13/X861:1] 在馆    
3 581230   205812307   自科库401/401自科库 107排7列5层/ [索取号:O13/X861:1] 在馆    
河南城建学院图书馆 欢迎您!
大连网信软件有限公司© 版权所有